Advanced Geometry and Vector / (Record no. 197503)

MARC details
000 -LEADER
fixed length control field 00575nam a22001937a 4500
005 - DATE AND TIME OF LATEST TRANSACTION
control field 20230824111447.0
010 ## - LCCN (DPL NO)
LC control number ENG-135856
020 ## - INTERNATIONAL STANDARD BOOK NUMBER
International Standard Book Number 9789394107168
Terms of availability 495.00
035 ## - SYSTEM CONTROL NUMBER
System control number EN-119388
037 ## - SOURCE OF ACQUISITION
Source of stock number/acquisition DBAD/PUB
082 ## - DEWEY DECIMAL CLASSIFICATION NUMBER
Classification number 516.3
100 ## - MAIN ENTRY--PERSONAL NAME
Personal name Sengupta,Debasish
245 ## - TITLE STATEMENT
Title Advanced Geometry and Vector /
Statement of responsibility, etc by Debasish Sengupta
260 ## - PUBLICATION, DISTRIBUTION, ETC. (IMPRINT)
Place of publication, distribution, etc Kolkata
Name of publisher, distributor, etc Books & Allied
Date of publication, distribution, etc 2023
270 ## - ADDRESS
Address No.1-E(1), Shubham Plaza, 83/1, Beliaghata,
City Kolkata
Postal code 700010
300 ## - PHYSICAL DESCRIPTION
Extent 531p.
Dimensions 24cm(pbk)
500 ## - GENERAL NOTE
General note Includes index
942 ## - ADDED ENTRY ELEMENTS (KOHA)
Source of classification or shelving scheme Dewey Decimal Classification
Item type English Books
Call number suffix SEN
Classification part 516.3
Holdings
Withdrawn status Lost status Not for loan Collection code Home library Current library Date acquired Source of acquisition Cost, normal purchase price Full call number Barcode Copy number Cost, replacement price Koha item type
      Non-fiction Central Jail Tihar Central Jail Tihar 24/08/2023 DBAD/PUB 495.00 516.3 SEN EN-119388 1 495.00 English Books

© Delhi Public Library
Hit Counter
free hit counter